000 00552nam a2200217Ii 4500
003 JO-AjNU
008 230606s9999||||xx |||||||||||||| ||und||
020 _a978-1-29202-549-0
040 _aJO-AjNU
_beng
_erda
_cJO-AjNU
041 _aeng
050 1 4 _aQC23.2014
100 3 _aYong,HUGH,
_eauthor
_94152
245 0 0 _aColleg e physics
250 _a10 ed
264 3 1 _aPearson,2014
300 _a1194p
336 _atext
_btxt
_2rdacontent
337 _aunmediated
_bn
_2rdamedia
338 _avolume
_bnc
_2rdacarrier
650 4 _aphysics
_94153
999 _aE2161
_c2159
_d2159